Rubaiyat : seguidos del poema Kuza-Nama /

Gespeichert in:
Bibliographische Detailangaben
1. Verfasser: Khayyam, Omar (autor)
Weitere Verfasser: Navarro, Diego (adaptación) (adaptación)
Format: Buch
Sprache:Spanisch
Veröffentlicht: Barcelona, España : José Janés, 1951, c1951
Schriftenreihe:(El Mensaje José Janés)
Schlagworte:
Tags: Tag hinzufügen
Keine Tags, Fügen Sie das erste Tag hinzu!

MARC

LEADER 00000nam^a2200000^a^4500
001 000141688
005 20250521000000.0
009 20260310095622.236
037 |a Acervo ITESO - Biblioteca 
041 |a ESP 
082 |a 891. 51  |b KHA 
100 |a Khayyam, Omar  |e (autor) 
240 1 1 |a [Rubaiyat] 
245 1 0 |a Rubaiyat :  |b seguidos del poema Kuza-Nama /  |c O. Khayyam ; adaptación de D. Navarro ; pról., notas y tr. por José Gibert. 
264 4 |a Barcelona, España :  |b José Janés,  |c 1951, c1951 
300 |a XXI, 97 p. 
336 |a texto  |b txt  |2 rdacontenido 
337 |a sin mediación  |b n  |2 rdamedio 
338 |a volumen  |b nc  |2 rdasoporte 
440 3 |a (El Mensaje José Janés) 
649 |a XX 
650 |a Poesía Persa 
650 |a Literatura Persa -  |y Siglo XI 
700 |a Navarro, Diego  |e (adaptación) 
910 |a Fondo Salvador Reynoso Reynoso 
920 |a Impresos - Libros 
930 |a Fondos Especiales 
940 |a Literatura 
905 |a 112 
901 |a 0800015265  |b IT2  |c ESP  |u 20250521 
902 |a https://opac.biblio.iteso.mx/vufind/Record/000141688